Rising China : (Record no. 608619)

MARC details
000 -LEADER
fixed length control field 00468nam a2200181 a 4500
008 - FIXED-LENGTH DATA ELEMENTS--GENERAL INFORMATION
fixed length control field 260120s2010##################000#0#eng##
020 ## - INTERNATIONAL STANDARD BOOK NUMBER
ISBN 9789380177199
082 04 - DEWEY DECIMAL CLASSIFICATION NUMBER
Classification number 303.4825
Item number SAN
100 1# - MAIN ENTRY--AUTHOR NAME
Personal name Sandhu, P. J. S.,
245 10 - TITLE STATEMENT
Title Rising China :
260 ## - PUBLICATION, DISTRIBUTION, ETC. (IMPRINT)
Name of publisher Vij Books India,
Year of publication 2010.
650 #0 - SUBJECT ADDED ENTRY--TOPICAL TERM
Topical Term Political Science.
942 ## - ADDED ENTRY ELEMENTS (KOHA)
Koha item type English Books
Holdings
Withdrawn status Lost status Damaged status Not for loan Home library Current library Shelving location Date acquired Full call number Accession Number Price effective from Koha item type
        Anna Centenary Library Anna Centenary Library 3RD FLOOR, B WING 20.01.2026 303.4825 SAN 535664 20.01.2026 English Books

Find us on the map